Bangladesh economy 2000 : (Record no. 44923)
[ view plain ]
| 000 -LEADER | |
|---|---|
| fixed length control field | 01007cam a2200277 a 4500 |
| 001 - CONTROL NUMBER | |
| control field | 44923 |
| 003 - CONTROL NUMBER IDENTIFIER | |
| rucl marc code | BD-RJUL |
| 005 - DATE AND TIME OF LATEST TRANSACTION | |
| control field | 20211209053934.0 |
| 008 - FIXED-LENGTH DATA ELEMENTS--GENERAL INFORMATION | |
| fixed length control field | 160721s2001 bg ad b 100 0 eng |
| 020 ## - INTERNATIONAL STANDARD BOOK NUMBER | |
| International Standard Book Number | 9843111052 |
| 035 ## - SYSTEM CONTROL NUMBER | |
| System control number | (CStRLIN)DCLC2001416411-B |
| -- | BD-RJUL45041 |
| 040 ## - CATALOGING SOURCE | |
| Original cataloging agency | DLC |
| Transcribing agency | DLC |
| Language of cataloging | eng |
| 041 ## - LANGUAGE CODE | |
| Language code of text/sound track or separate title | eng |
| 082 ## - DEWEY DECIMAL CLASSIFICATION NUMBER | |
| Edition number | 23 |
| Classification number | 330.1095492 |
| Author mark and year | BAN 2001 |
| 245 00 - TITLE STATEMENT | |
| Title | Bangladesh economy 2000 : |
| Remainder of title | selected issues / |
| Statement of responsibility, etc. | edited by Abu Abdullah ; editorial committee, Rashidan Islam Rahman, Quazi Shahabuddin. |
| 246 3# - VARYING FORM OF TITLE | |
| Title proper/short title | Bangladesh economy two thousand |
| 260 ## - PUBLICATION, DISTRIBUTION, ETC. (IMPRINT) | |
| Place of publication, distribution, etc. | Dhaka : |
| Name of publisher, distributor, etc. | Bangladesh Institute of Development Studies, |
| Date of publication, distribution, etc. | 2001. |
| 300 ## - PHYSICAL DESCRIPTION | |
| Pagination | 163 p. : |
| Illustrations | ill. ; |
| Size | 27 cm. |
| 520 ## - SUMMARY, ETC. | |
| Summary, etc. | Contributed articles presented at seminar. |
| 651 #0 - SUBJECT ADDED ENTRY--GEOGRAPHIC NAME | |
| Geographic name | Bangladesh |
| General subdivision | Economic policy. |
| 9 (RLIN) | 137675 |
| Geographic name | Bangladesh |
| General subdivision | Economic conditions. |
| 9 (RLIN) | 137676 |
| 700 1# - ADDED ENTRY--PERSONAL NAME | |
| Personal name | Abdullah, Abu. |
| 710 2# - ADDED ENTRY--CORPORATE NAME | |
| Corporate name or jurisdiction name as entry element | Bangladesh Institute of Development Studies. |
| 9 (RLIN) | 137678 |
| 942 ## - ADDED ENTRY ELEMENTS (KOHA) | |
| Source of classification or shelving scheme | Dewey Decimal Classification |
| Koha item type | Books |
| Lost status | Source of classification or shelving scheme | Damaged status | Not for loan | Collection code | Permanent Location | Current Location | Shelving location | Date acquired | Total Checkouts | Full call number | Date last seen | Copy number | Koha item type |
|---|---|---|---|---|---|---|---|---|---|---|---|---|---|
| Dewey Decimal Classification | Not For Loan | Non-fiction | Central Library, University of Rajshahi | Central Library, University of Rajshahi | Reading Room | 02/07/2001 | 330.1095492 BAN 2001 | 21/07/2016 | C-1 | Books |